Meri bal kahaniyam - Hindi (Record no. 75472)

MARC details
000 -LEADER
fixed length control field 00343nam a22001457a 4500
020 ## - INTERNATIONAL STANDARD BOOK NUMBER
ISBN 978-81-86504-53-6
082 ## - DEWEY DECIMAL CLASSIFICATION NUMBER
Classification number 811.214.21
Item number PRE
100 ## - MAIN ENTRY--AUTHOR NAME
Personal name PREMCHAND
245 ## - TITLE STATEMENT
Title Meri bal kahaniyam - Hindi
260 ## - PUBLICATION, DISTRIBUTION, ETC. (IMPRINT)
Place of publication New Delhi
Name of publisher H.K.Books
Year of publication 2023
300 ## - PHYSICAL DESCRIPTION
Number of Pages 192p.
700 ## - ADDED ENTRY--PERSONAL NAME
Personal name ANEJA, Harivamsh, Comp.
942 ## - ADDED ENTRY ELEMENTS (KOHA)
Koha item type Books
Holdings
Withdrawn status Lost status Damaged status Not for loan Home library Current library Date acquired Source of acquisition Full call number Accession Number Koha item type
        RRII Library RRII Library 02/04/2025 Complementary copy from Hindi Section, Rubber Board 811.214.21 PRE G01743 Books